The charismatics and the word of God : (Record no. 1497)
[ view plain ]
| 000 -LEADER | |
|---|---|
| fixed length control field | 00893cam a2200289 a 4500 |
| 001 - CONTROL NUMBER | |
| control field | 524197 |
| 003 - CONTROL NUMBER IDENTIFIER | |
| control field | GBCCL |
| 005 - DATE AND TIME OF LATEST TRANSACTION | |
| control field | 20241126110402.0 |
| 008 - FIXED-LENGTH DATA ELEMENTS--GENERAL INFORMATION | |
| fixed length control field | 851202s1985 enk b 00010 eng d |
| 020 ## - INTERNATIONAL STANDARD BOOK NUMBER | |
| International Standard Book Number | 0852342098 |
| 035 ## - SYSTEM CONTROL NUMBER | |
| System control number | (OCoLC)ocn687047092 |
| 035 ## - SYSTEM CONTROL NUMBER | |
| System control number | (CStRLIN)CTYT85-B5412 |
| 035 ## - SYSTEM CONTROL NUMBER | |
| System control number | 85-B5412-1 |
| 035 ## - SYSTEM CONTROL NUMBER | |
| System control number | 524197 |
| 040 ## - CATALOGING SOURCE | |
| Original cataloging agency | CtY-D |
| Transcribing agency | CtY-D |
| 082 ## - DEWEY DECIMAL CLASSIFICATION NUMBER | |
| Classification number | 234.13 |
| Item number | BUD |
| 090 ## - LOCALLY ASSIGNED LC-TYPE CALL NUMBER (OCLC); LOCAL CALL NUMBER (RLIN) | |
| Classification number (OCLC) (R) ; Classification number, CALL (RLIN) (NR) | BR1644 |
| Local cutter number (OCLC) ; Book number/undivided call number, CALL (RLIN) | .B8 1985 |
| 100 1# - MAIN ENTRY--PERSONAL NAME | |
| Personal name | Budgen, Victor. |
| 9 (RLIN) | 3003 |
| 245 14 - TITLE STATEMENT | |
| Title | The charismatics and the word of God : |
| Remainder of title | a Biblical and historical perspective on the charismatic movement / |
| Statement of responsibility, etc. | Victor Budgen. |
| 260 0# - PUBLICATION, DISTRIBUTION, ETC. | |
| Place of publication, distribution, etc. | Welwyn, Herts. : |
| Name of publisher, distributor, etc. | Evangelical, |
| Date of publication, distribution, etc. | 1985. |
| 300 ## - PHYSICAL DESCRIPTION | |
| Extent | 281 p. ; |
| Dimensions | 22 cm. |
| 504 ## - BIBLIOGRAPHY, ETC. NOTE | |
| Bibliography, etc. note | Includes bibliographical references. |
| 650 #0 - SUBJECT ADDED ENTRY--TOPICAL TERM | |
| Topical term or geographic name entry element | Pentecostalism. |
| 9 (RLIN) | 3004 |
| 650 #0 - SUBJECT ADDED ENTRY--TOPICAL TERM | |
| Topical term or geographic name entry element | Pentecostalism |
| General subdivision | Biblical teaching. |
| 9 (RLIN) | 3005 |
| 650 #0 - SUBJECT ADDED ENTRY--TOPICAL TERM | |
| Topical term or geographic name entry element | Gifts, Spiritual. |
| 9 (RLIN) | 664 |
| 942 ## - ADDED ENTRY ELEMENTS (KOHA) | |
| Source of classification or shelving scheme | Dewey Decimal Classification |
| Koha item type | Books |
| Koha issues (borrowed), all copies | 12 |
| Withdrawn status | Lost status | Source of classification or shelving scheme | Damaged status | Not for loan | Home library | Current Library | Shelving location | Date acquired | Total checkouts | Full call number | Barcode | Date last seen | Date last checked out | Copy number | Price effective from | Koha item type |
|---|---|---|---|---|---|---|---|---|---|---|---|---|---|---|---|---|
| Dewey Decimal Classification | GRACE BIBLE COLLEGE | GRACE BIBLE COLLEGE | Theology | 2017-05-03 | 7 | 234.13 BUD | 001612 | 2025-05-01 | 2024-02-12 | c.2 | 2017-05-03 | Books | ||||
| Dewey Decimal Classification | GRACE BIBLE COLLEGE | GRACE BIBLE COLLEGE | Theology | 2017-05-03 | 6 | 234.13 BUD | 001611 | 2025-09-01 | 2025-08-29 | c.1 | 2017-05-03 | Books |